| 000 | 00507nam a2200181Ia 4500 | ||
|---|---|---|---|
| 003 | GCL | ||
| 008 | 140319s9999 xx 000 0 ara d | ||
| 040 |
_aGCL / _cGCL |
||
| 082 | 0 | 4 |
_a629.257 _bا م |
| 100 | 1 | _aاحمد ناصيف | |
| 245 | 1 | 0 |
_aمجموعات نقل الحركة فى السيارات / _cاحمد ناصيف |
| 300 | _a218 ص | ||
| 490 |
_a100 قصة _v0 |
||
| 650 | 0 | 4 | _aالسيارات |
| 650 | 0 | 4 | _aهندسة السيارات |
| 650 | 0 | 4 | _aالميكانيكا |
| 942 |
_2ddc _cBK |
||
| 999 |
_c43302 _d43302 |
||